Obra poética, 3 (1975 - 1985)
Сохранить в:
| Главный автор: | |
|---|---|
| Формат: | |
| Язык: | Undetermined |
| Опубликовано: |
Madrid, España
Editorial Alianza
2008
|
| Предметы: | |
| Метки: |
Добавить метку
Нет меток, Требуется 1-ая метка записи!
|
MARC
| LEADER | 00000nam a2200000Ia 4500 | ||
|---|---|---|---|
| 008 | 170316s9999 xx 000 0 und d | ||
| 020 | |a 978-84-206-3388-6 | ||
| 040 | |a cru BVZT | ||
| 090 | |a 860 B-32o v.3 | ||
| 100 | |a Borges, Jorge Luis |9 1174 | ||
| 245 | |a Obra poética, 3 (1975 - 1985) |c / Jorge Luis Borges | ||
| 260 | |a Madrid, España |b Editorial Alianza |c 2008 | ||
| 300 | |a 332 páginas | ||
| 650 | 0 | |a LITERATURA LATINOAMERICANA |9 15 | |
| 650 | |a LA ROSA PROFUNDA (1975) |9 1265 | ||
| 650 | |a LA MONEDA DE HIERRO (1976) |9 1266 | ||
| 650 | |a HISTORIA DE LA NOCHE (1977) |9 1267 | ||
| 650 | |a LA CIFRA (1981) |9 1268 | ||
| 650 | |a LOS CONJURADOS (1985) |9 1269 | ||
| 942 | 0 | 0 | |0 2 |2 z |c LIB |
| 999 | |c 8447 |d 8447 | ||



